[Event "14th Chigorin Mem B"]
[Site "St-Petersburg RUS"]
[Date "2006.10.24"]
[Round "2"]
[White "Eidelson,R"]
[Black "Nasonov,V"]
[Result "0-1"]
[WhiteElo "2176"]
[BlackElo "2266"]

1.Nf3 d5 2.g3 e6 3.Bg2 Nf6 4.O-O Be7 5.d4 O-O 6.c4 b6 7.cxd5 exd5 8.Nc3 Bb7
9.Nh4 Ne4 10.Nf5 Nxc3 11.Nxe7+ Qxe7 12.bxc3 Rd8 13.c4 c6 14.cxd5 cxd5 15.Re1 Nd7
16.Bf4 Nf6 17.Qa4 Rdc8 18.Rac1 Rxc1 19.Bxc1 Qe8 20.Qa3 a5 21.Be3 Ba6 22.Qd6 Qd8
23.Qa3 Bc4 24.Bh3 h6 25.Bf4 b5 26.Qc5 Ne4 27.Qc6 Ra7 28.a3 b4 29.Bf5 Ra6
30.Qa4 Nc3 31.Qc2 Nb5 32.Qd2 Nxa3 33.e4 g6 34.Bg4 g5 35.Be5 dxe4 36.Rxe4 Bd5
37.Re1 Nc4 38.Qd3 Rb6 39.f4 Nxe5 40.dxe5 Rb8 41.Rd1 Qb6+ 42.Kf1 Bc6 43.Be2 Bb5
44.Qd6 Bxe2+ 45.Kxe2 b3 46.Qa3 b2 47.Rb1 Qb5+ 48.Kf2 a4 49.fxg5 hxg5 50.Qe7 Qb6+
51.Ke2 Qg6 52.Qa7 Qxb1 53.Qxb8+ Kg7 54.Qb6 Qc2+  0-1

[Event "WYB16"]
[Site "Batumi GEO"]
[Date "2006.10.25"]
[Round "7"]
[White "Benidze,D"]
[Black "Tomczak,J"]
[Result "0-1"]
[WhiteElo "2318"]
[BlackElo "2420"]

1.Nf3 d5 2.g3 Nf6 3.d4 Bf5 4.Bg2 e6 5.O-O Be7 6.b3 O-O 7.c4 c6 8.Nc3 Nbd7
9.Nd2 Qb6 10.Bb2 Rad8 11.a3 a5 12.Re1 Rfe8 13.e3 Bd3 14.c5 Qc7 15.Na4 Bg6
16.Bc3 e5 17.Nb6 exd4 18.exd4 Nxb6 19.Bxa5 Nfd7 20.Nf3 Bxc5 21.dxc5 Nxc5
22.Qd4 Ncd7 23.b4 Ra8 24.Bh3 Rxe1+ 25.Rxe1 c5 26.bxc5 Nxc5 27.Nh4 Qc6 28.Bc3 f6
29.Nxg6 hxg6 30.Qg4 Nd3 31.Qe6+ Kh7 32.Qxc6 bxc6 33.Re3 Rxa3 34.Bd4 c5 35.Bf1 cxd4
36.Rxd3 Rxd3 37.Bxd3 Kh6 38.Kf1 g5 39.f3 g6 40.Ke2 Nc4 41.Bc2 f5 42.Ba4 Kg7
43.Be8 Kf6 44.h3 Nd6 45.Bc6 Ke5 46.Kd3 f4 47.g4 Nc8 48.Be8 Ne7 49.Kd2 Kd6
50.Ke2 Kc5 51.Kd2 Nc6 52.Bxg6 Ne5 53.Bb1 Nxf3+ 54.Ke2 Ne5 55.Ba2 d3+  0-1

[Event "14th Chigorin Mem B"]
[Site "St-Petersburg RUS"]
[Date "2006.10.25"]
[Round "4"]
[White "Fedoseev,Vl1"]
[Black "Lupik,M"]
[Result "1-0"]
[WhiteElo "2300"]
[BlackElo "2224"]

1.Nf3 d5 2.g3 c5 3.Bg2 Nc6 4.O-O e5 5.d3 Be7 6.c4 Nf6 7.Nc3 d4 8.Na4 O-O
9.Bg5 Ne8 10.Bxe7 Qxe7 11.Nd2 Bd7 12.a3 Rb8 13.e4 b6 14.b3 f5 15.exf5 Rxf5
16.Ne4 Nd6 17.b4 cxb4 18.axb4 Nxb4 19.Qb3 Nxe4 20.Bxe4 Rf7 21.c5 a5 22.cxb6 Be6
23.Qb2 Bd5 24.Bxd5 Nxd5 25.Qb5 Qd6 26.Rab1 Rfb7 27.Qxa5 Nxb6 28.Nxb6 Rxb6
29.Rxb6 Rxb6 30.Re1 Qc7 31.Qd5+ Kh8 32.Rxe5 Rb8 33.Qxd4 Rd8 34.Qe4 Qf7 35.Re7 Qf8
36.d4 h6 37.d5 Qf6 38.Re8+ Rxe8 39.Qxe8+ Kh7 40.Qe4+ Kh8 41.Kg2 Qd8 42.Qe6 Qa8
43.Qc6 Qd8 44.d6 Kg8 45.Qc7 Qa8+ 46.Kh3 Qf3 47.d7 Qf5+ 48.Kg2 Qe4+ 49.f3 Qe2+
50.Kh3 Qf1+ 51.Kg4 h5+ 52.Kxh5 g5 53.Kxg5 Qb5+ 54.Kh4  1-0

[Event "14th Chigorin Mem B"]
[Site "St-Petersburg RUS"]
[Date "2006.10.25"]
[Round "4"]
[White "Eidelson,R"]
[Black "Kirillov,E"]
[Result "0-1"]
[WhiteElo "2176"]
[BlackElo "2256"]

1.Nf3 d5 2.g3 c6 3.Bg2 Nf6 4.O-O Bf5 5.d3 h6 6.Nbd2 e6 7.e3 Bh7 8.Qe2 Nbd7
9.b3 Be7 10.Bb2 O-O 11.e4 Nc5 12.Ne5 Qc7 13.Ng4 Ncd7 14.f4 Nxg4 15.Qxg4 Nf6
16.Qe2 Qa5 17.Kh1 Rfd8 18.exd5 cxd5 19.Nf3 Rac8 20.a3 Qc7 21.Nd4 Ne8 22.Rac1 Bf6
23.g4 Qb6 24.Qf2 Nd6 25.a4 a6 26.h4 h5 27.g5 Bxd4 28.Bxd4 Qc6 29.Bb2 Nf5
30.Bh3 d4+ 31.Bg2 Qb6 32.Be4 Ne3 33.Rfe1 Bxe4+ 34.dxe4 Qc6 35.Qf3 Ng4 36.Kg2 Qb6
37.Qd3 Rc3 38.Qd2 Re3 39.a5 Qc7 40.Rxe3 Qxf4 41.Rd3 Qh2+ 42.Kf1 Ne3+ 43.Ke1 Qg1+  0-1

[Event "WYB18"]
[Site "Batumi GEO"]
[Date "2006.10.27"]
[Round "10"]
[White "Amin,B"]
[Black "Rodshtein,M"]
[Result "1/2-1/2"]
[WhiteElo "2505"]
[BlackElo "2517"]

1.Nf3 d5 2.g3 c6 3.Bg2 Nf6 4.O-O Bf5 5.d3 e6 6.Nbd2 Be7 7.h3 h6 8.a3 Bh7
9.Qe1 O-O 10.e4 c5 11.Nh2 Nc6 12.f4 c4 13.Kh1 Nd4 14.Qd1 cxd3 15.cxd3 Rc8
16.Ra2 Qb6 17.Ng4 Rfd8 18.Nxf6+ Bxf6 19.b4 Qb5 20.e5 Be7 21.Nf3 Nxf3 22.Rxf3 a5
23.Rb2 axb4 24.axb4 Bxd3 25.Rxd3 Rxc1 26.Qxc1 Qxd3 27.Qc7 Kf8 28.Kh2 h5 29.h4 Qb5
30.Bf3 g6 31.Be2 Qc6 32.Qxc6 bxc6 33.Rc2 Ra8 34.Kg2 Bxb4 35.Rxc6 Ra3 36.Rc8+ Kg7
37.Kf2 Ba5 38.Rc6 Ra1 39.Ra6 Be1+ 40.Kg2 Rb1 41.Ra3 Rb2 42.Kf1 Bb4 43.Ra7 Bc5
44.Rc7 Be3 45.f5 gxf5 46.Bxh5 f4 47.Rxf7+ Kh6 48.g4 Rf2+ 49.Ke1 d4 50.Rf6+ Kg7
51.Rxe6 d3 52.Re7+  1/2-1/2

[Event "III Open"]
[Site "Calvia ESP"]
[Date "2006.10.27"]
[Round "8"]
[White "Habibi,Al"]
[Black "Tate,E"]
[Result "0-1"]
[WhiteElo "2298"]
[BlackElo "2413"]

1.Nf3 d5 2.g3 Nc6 3.Bg2 e5 4.d3 Bg4 5.O-O Qd7 6.c4 d4 7.Qa4 f6 8.e3 Nge7
9.exd4 Bxf3 10.Bxf3 Nxd4 11.Qxd7+ Kxd7 12.Bd1 Nec6 13.a3 h5 14.Nc3 h4 15.Be3 Rd8
16.b4 Kc8 17.Kg2 Kb8 18.Nd5 Nf5 19.g4 h3+ 20.Kh1 Nh4 21.Be2 Re8 22.Bd1 Nd8
23.Ba4 c6 24.Nc3 Ng2 25.b5 Rh4 26.bxc6 Nxc6 27.Rab1 Rc8 28.Rb3 Na5 29.Rb5 b6
30.Bd1 Bxa3 31.Bf3 Bc5 32.Rfb1 Nb7 33.Nd5 Nd6 34.R1b3 e4 35.Bd1 exd3 36.Ne7 Re8
37.Nd5 Nxc4 38.Rxd3 Ncxe3 39.Bf3 Nxg4 40.Bxg4 Rxg4 41.Rxh3 Re5 42.Rh8+ Kb7
43.f3 Rgg5 44.Nf4 Re4 45.Nd3 Bd6 46.Nf2 Re2  0-1

[Event "Bundesliga 2006-7"]
[Site "Baden Baden GER"]
[Date "2006.10.28"]
[Round "1"]
[White "Jirovsky,M"]
[Black "Appel,R"]
[Result "1/2-1/2"]
[WhiteElo "2476"]
[BlackElo "2488"]

1.Nf3 d5 2.g3 c6 3.Bg2 Bg4 4.O-O Nd7 5.d4 Ngf6 6.Nbd2 e6 7.Re1 Be7 8.e4 O-O
9.c3 c5 10.e5 Ne8 11.Nf1 cxd4 12.cxd4 Rc8 13.Qb3 Qb6 14.Qxb6 Nxb6 15.Ne3 Bh5
16.Bd2 Nc7 17.g4 Bg6 18.Rec1 Be4 19.a4 Na6 20.b3 Nb4 21.Ne1 Nc6 22.Bc3 f6
23.Bb2 Na5 24.exf6 gxf6 25.Bxe4 dxe4 26.Rd1 Nxb3 27.Rab1 Rc7 28.d5 Nxd5 29.Nxd5 exd5
30.Rxd5 Nc5 31.a5 Rf7 32.Bd4 Rg7 33.h3 Rg5 34.Rxg5+ fxg5 35.Be3 Rd7 36.Nc2 Kf7
37.Nd4 Nd3 38.Nb5 Bb4 39.Nxa7 Rd5 40.Bb6 Ke6 41.Ra1 Bc3 42.Ra4 Nb4 43.Kg2 Kf6
44.Ra3 Bd2 45.Ra4 Nd3 46.Rxe4 Nf4+ 47.Kf3 Bxa5 48.Bd4+ Kf7 49.Be3 Ne6 50.Ra4 Bd2
51.Ra2 Bxe3 52.fxe3 Nc5 53.Rb2 Ke6 54.Nb5 Rd7 55.Nd4+  1/2-1/2

[Event "III Open"]
[Site "Calvia ESP"]
[Date "2006.10.28"]
[Round "9"]
[White "Tattersall,L"]
[Black "Coimbra,M"]
[Result "1-0"]
[WhiteElo "2254"]
[BlackElo "2047"]

1.Nf3 d5 2.g3 c6 3.Bg2 Bg4 4.d4 Nd7 5.Nbd2 Ngf6 6.O-O e6 7.b3 Bd6 8.Bb2 Qc7
9.c4 O-O 10.Rc1 Rac8 11.h3 Bxf3 12.Nxf3 Qb8 13.Qd3 e5 14.dxe5 Nxe5 15.Qf5 Rce8
16.cxd5 Nxf3+ 17.Bxf3 Nxd5 18.Bxd5 cxd5 19.Rc2 Be5 20.Ba3 Bd6 21.Bb2 Be5
22.Rd1 Bxb2 23.Rxb2 Re5 24.Qf3 Qc8 25.Kg2 Qe6 26.Rd4 Re8 27.e3 Rc8 28.Rbd2 g6
29.Rxd5 Rxd5 30.Rxd5 Qc6 31.Rd2 Qxf3+ 32.Kxf3 Kf8 33.Rd7 Rb8 34.e4 a6 35.Ke3 b5
36.Ra7 Rb6 37.e5 Re6 38.Kd4 Rc6 39.f4 b4 40.g4 Rc3 41.Rxa6 Rxh3 42.Ra4 Rh2
43.Rxb4 Rxa2 44.f5 gxf5 45.gxf5 h5 46.Rb8+ Kg7 47.Ke4 h4 48.f6+ Kh7 49.Rf8 Ra7
50.Kf4 Rb7 51.Kg4 Rb4+ 52.Kg5 Rb7 53.Kxh4 Kg6 54.Rg8+ Kf5 55.Re8 Rb4+ 56.Kh5 Rxb3
57.Kh6 Rg3 58.Re7 Rg1 59.Kh7 Rg2 60.Re8 Rg1 61.Rg8 Rh1+ 62.Kg7 Kxe5 63.Ra8 Ke6
64.Ra6+ Kf5 65.Kxf7 Rg1 66.Ra5+ Kf4 67.Kf8 Ke4 68.f7 Kd4 69.Ke7  1-0

[Event "Bundesliga 2006-7"]
[Site "Tegel GER"]
[Date "2006.10.29"]
[Round "2"]
[White "Kalinitschew,S"]
[Black "Korneev,O"]
[Result "1-0"]
[WhiteElo "2503"]
[BlackElo "2649"]

1.Nf3 d5 2.g3 c6 3.Bg2 Bg4 4.O-O Nd7 5.d3 Ngf6 6.c4 e6 7.cxd5 exd5 8.h3 Bxf3
9.Bxf3 Bc5 10.Qc2 O-O 11.Bg2 Re8 12.e3 Qe7 13.Nd2 a5 14.Nf3 a4 15.Rb1 Nf8
16.Nh4 g6 17.Nf3 Ne6 18.Kh2 Bb6 19.b4 Nc7 20.a3 Nb5 21.Bb2 Nh5 22.Rbe1 Ng7
23.Ba1 Ne6 24.Qb2 f6 25.h4 Qf7 26.Bh3 Ng7 27.Nd2 Rf8 28.Qc1 Bc7 29.Nf3 Bb6
30.Bb2 Ne6 31.Re2 Rfe8 32.Rc2 Ba7 33.Kg2 h5 34.Rg1 Bb8 35.Kh1 f5 36.Ba1 Kh7
37.Re1 Kg8 38.Kg1 Bc7 39.Qb2 Kh7 40.e4 Bd8 41.Rce2 d4 42.exf5 gxf5 43.Qa2 Nc3
44.Bxc3 dxc3 45.Rxe6 Bf6 46.Bxf5+ Kg7 47.d4 Rxe6 48.Qxe6  1-0

[Event "3rd Rapid Open"]
[Site "Ajaccio FRA"]
[Date "2006.10.30"]
[Round "4"]
[White "Markowski,T"]
[Black "Naiditsch,A"]
[Result "0-1"]
[WhiteElo "2561"]
[BlackElo "2676"]

1.g3 d5 2.Nf3 Nf6 3.Bg2 Bf5 4.O-O e6 5.d3 Nbd7 6.c4 h6 7.cxd5 exd5 8.Nc3 c6
9.Qc2 Be7 10.e4 dxe4 11.dxe4 Bh7 12.h3 O-O 13.Be3 Bc5 14.Bxc5 Nxc5 15.Rad1 Qb6
16.Ne5 Rfe8 17.Nc4 Qc7 18.Rfe1 Rad8 19.Rxd8 Rxd8 20.Qe2 b5 21.e5 Nfd7 22.Nd6 Nd3
23.Nxf7 Nxe1 24.Nxd8 Nxg2 25.Ne6 Qxe5 26.Kxg2 b4 27.Qxe5 Nxe5 28.Na4 Be4+
29.Kf1 Bd5 30.Nd4 Bxa2 31.Ke2 Bc4+ 32.Ke3 Bb5 33.Nc5 Nc4+ 34.Ke4 Nxb2 35.f4 a5
36.g4 a4 37.Nc2 b3 38.Nd4 Nc4 39.Ncxb3 axb3 40.Nxb3 Nd6+ 41.Ke5 Nf7+ 42.Ke4 Bf1
43.h4 Bc4 44.Nc5 Bd5+ 45.Ke3 h5 46.Kd4  0-1

[Event "Open A"]
[Site "Le Touquet FRA"]
[Date "2006.10.30"]
[Round "3"]
[White "Bonneville,J"]
[Black "Maes,T"]
[Result "1/2-1/2"]
[WhiteElo "2025"]
[BlackElo "2204"]

1.Nf3 d5 2.g3 Bg4 3.Bg2 e6 4.O-O Nf6 5.b3 Bd6 6.Bb2 Nbd7 7.d3 O-O 8.Nbd2 Qe7
9.c4 c6 10.h3 Bh5 11.a3 a5 12.cxd5 cxd5 13.Nd4 Ne5 14.N2f3 Bxf3 15.exf3 Qd7
16.f4 Nc6 17.Nf3 Ne8 18.Re1 Nc7 19.Ra2 Rac8 20.Qa1 f6 21.h4 Rce8 22.Bh3 Qf7
23.d4 Qg6 24.Bg2 Qf7 25.Qd1 Re7 26.Ra1 Rfe8 27.Qd3 Qg6 28.Qxg6 hxg6 29.Bf1 Kf7
30.Rac1 Na8 31.Bb5 Rc7 32.Rc2 Rec8 33.Rec1 Na7 34.Bd3 Nb6 35.Rxc7+ Rxc7 36.Rxc7+ Bxc7
37.Kf1 Nbc8 38.Ke2 Nc6 39.Nd2 Nd6 40.Nf3 Bb6 41.Bc2 Nb5 42.Kd3 Ba7 43.Bd1 Nd6
44.Bc2 Nb5 45.Bd1 Nd6 46.Bc2 Nb5 47.Bd1  1/2-1/2

[Event "14th Chigorin Mem"]
[Site "St-Petersburg RUS"]
[Date "2006.10.30"]
[Round "9"]
[White "Davydov,S1"]
[Black "Timofeev,An"]
[Result "1-0"]
[WhiteElo "2301"]
[BlackElo "2344"]

1.Nf3 d5 2.g3 c6 3.Bg2 Nf6 4.O-O Bf5 5.d3 Qc8 6.Re1 Bh3 7.Bh1 h5 8.e4 Bg4
9.e5 Ng8 10.c4 dxc4 11.dxc4 h4 12.Nbd2 hxg3 13.fxg3 Na6 14.Ne4 Bf5 15.e6 Bxe6
16.Nfg5 Qd7 17.Nxe6 Qxd1 18.Rxd1 fxe6 19.Ng5 Nf6 20.Nxe6 g6 21.b4 Rc8 22.Rb1 Nc7
23.Nc5 b6 24.Bxc6+ Kf7 25.Nd3 Bh6 26.Ne5+ Kg7 27.Bg2 Nce8 28.Nc6 Rc7 29.c5 Ng4
30.Nd8 Kh7 31.Ne6 Rc8 32.Rd7 Ng7 33.Bxh6 Kxh6 34.Nxg7 Kxg7 35.Rxe7+ Kf6 36.Re4 Nxh2
37.c6 g5 38.b5 g4 39.Rf4+ Ke6 40.Re1+ Kd6 41.Rd1+ Ke6 42.Re4+ Kf6 43.Rd6+ Kf5
44.Rde6 Nf3+ 45.Bxf3 gxf3 46.Kf2 Kg5 47.Kxf3 Rhf8+ 48.Rf4 Rfd8 49.Rfe4 Rf8+
50.Ke3 Rf1 51.a4 Ra1 52.R6e5+ Kf6 53.Re6+ Kg5 54.Kf3 Rf8+ 55.Kg2 Rg8 56.c7 Rc1
57.Rc6 Rxc6 58.bxc6 Rc8 59.Re7 Kg4 60.Kf2 a6 61.Ke3 Kf5 62.Rd7 Ke6 63.Kd4 b5
64.axb5 axb5 65.Kc5  1-0

[Event "14th Chigorin Mem B"]
[Site "St-Petersburg RUS"]
[Date "2006.10.30"]
[Round "9"]
[White "Zakharov,Y"]
[Black "Nikolaev,V RUS"]
[Result "0-1"]
[WhiteElo "2017"]
[BlackElo "2255"]

1.Nf3 d5 2.g3 b6 3.Bg2 Bb7 4.d3 Nf6 5.O-O Nbd7 6.Nbd2 e6 7.c4 Be7 8.b3 O-O
9.Bb2 Qb8 10.d4 c5 11.e3 dxc4 12.Nxc4 Rd8 13.Qc1 Bd5 14.Nh4 Bxg2 15.Nxg2 Qb7
16.Qc2 Rac8 17.Qe2 b5 18.Ne5 Nxe5 19.dxe5 Ne4 20.Rfd1 Ng5 21.h4 Nf3+ 22.Kf1 Qe4
23.Rac1 a6 24.Rxd8+ Rxd8 25.Rd1 Rxd1+ 26.Qxd1 Nxe5 27.Bc3 Qd3+ 28.Qxd3 Nxd3
29.Bd2 Kf8 30.Ke2 c4 31.bxc4 bxc4 32.e4 Ke8 33.Ne3 Nb2 34.Bc3 Na4 35.Kd2 Nc5
36.f3 Bd6 37.e5 Bb8 38.Nxc4 Kd7 39.Ke3 Kc6 40.g4 Na4 41.Bd4 Kd5 42.Nd6 f6
43.exf6 gxf6 44.Ne4 e5 45.Ba1 Ba7+ 46.Ke2 Ke6 47.Ng3 Nb6 48.Bc3 Nc4 49.Nf5 Nd6
50.Nxd6 Kxd6 51.f4 Kd5 52.fxe5 fxe5 53.g5 Bc5 54.h5 Ke4 55.g6 hxg6 56.hxg6 Bf8
57.Bb4 Bg7 58.Bd2 Kf5 59.Kf3 e4+ 60.Ke3 Bf8 61.Bc3 Bh6+ 62.Kd4 Bg7+ 63.Kc4 Bxc3
64.Kxc3 Kxg6 65.Kd4 Kf5 66.Ke3 a5 67.a4 Ke5 68.Ke2 Kd4 69.Kd2 Kc4 70.Ke3 Kb4
71.Kxe4 Kxa4  0-1

[Event "Open A"]
[Site "Le Touquet FRA"]
[Date "2006.10.31"]
[Round "5"]
[White "Burmakin,V"]
[Black "Lacrosse,M"]
[Result "1-0"]
[WhiteElo "2559"]
[BlackElo "2238"]

1.Nf3 d5 2.g3 Bg4 3.Bg2 Nd7 4.O-O Ngf6 5.c4 e6 6.Qb3 Nc5 7.Qc2 c6 8.b3 Bd6
9.Bb2 O-O 10.Nc3 Re8 11.Rad1 Qe7 12.h3 Bh5 13.d3 Rad8 14.Rfe1 a6 15.b4 Ncd7
16.a3 a5 17.c5 Bc7 18.g4 Bg6 19.e4 dxe4 20.dxe4 axb4 21.axb4 e5 22.Nh4 b6
23.Nf5 Bxf5 24.exf5 bxc5 25.Bxc6 cxb4 26.Nb5 Bb8 27.Qe2 Qc5 28.Rc1 Qb6 29.g5 Nc5
30.Bxe8 Nxe8 31.Bd4 Rxd4 32.Nxd4 h6 33.Qb5 Qd8 34.Qxc5  1-0

[Event "USCL"]
[Site "ICC INT"]
[Date "2006.11.01"]
[Round "10"]
[White "Mikhailuk,S"]
[Black "Vavrak,P"]
[Result "1/2-1/2"]
[WhiteElo "2446"]
[BlackElo "2407"]

1.Nf3 d5 2.g3 Nf6 3.Bg2 Bf5 4.O-O e6 5.b3 h6 6.Bb2 Be7 7.d3 O-O 8.Nbd2 c5
9.c4 Bh7 10.cxd5 exd5 11.Rc1 Qa5 12.a3 Nc6 13.Rc2 Rac8 14.Qa1 b5 15.Bh3 Rc7
16.b4 Qa4 17.Rxc5 Bxc5 18.bxc5 Re8 19.Bxf6 gxf6 20.Qxf6 Rxe2 21.Qxh6 Qxa3
22.Qg5+ Kf8 23.Qh6+ Kg8 24.Qg5+ Kf8 25.Qh6+ Kg8  1/2-1/2

[Event "Sub Zonal 2.3.2C"]
[Site "Panama PAN"]
[Date "2006.11.03"]
[Round "4"]
[White "Valdes,Le"]
[Black "Gonzalez,Be CRC"]
[Result "1-0"]
[WhiteElo "2396"]
[BlackElo "2424"]

1.Nf3 d5 2.g3 Nf6 3.Bg2 c6 4.c4 dxc4 5.Qc2 Qd5 6.Nc3 Qa5 7.Nd1 g6 8.Qxc4 Bg7
9.O-O Be6 10.Qh4 Ng4 11.Qg5 Qa6 12.d3 Nd7 13.Qd2 Nc5 14.h3 Nh6 15.Qb4 Nb3
16.axb3 Qxa1 17.Qxb7 O-O 18.Bxh6 Bxh6 19.Nd4 Rab8 20.Qxe7 Bxb3 21.Nxb3 Rxb3
22.Bxc6 Qa5 23.Qe4 Bc1 24.Bd5 Rb5 25.Nc3 Rb4 26.Qe5 Qa1 27.Na2 Qxb2 28.Qxb2 Rxb2
29.Rxc1 Rxe2 30.Rc7 a5 31.Ra7 Re5 32.Nc3 Kg7 33.Kg2 h5 34.h4 Rf5 35.Bc4 Rb8
36.Ne4 Rb2 37.Be6 Re5 38.Bxf7  1-0

[Event "1st ch-Iberoamericano GpD"]
[Site "Ayamonte ESP"]
[Date "2006.11.04"]
[Round "1"]
[White "Izquierdo,D"]
[Black "Prasca,R"]
[Result "1/2-1/2"]
[WhiteElo "2310"]
[BlackElo "2448"]

1.Nf3 d5 2.g3 c6 3.Bg2 h6 4.b3 Bf5 5.O-O Nf6 6.d3 e6 7.Bb2 Be7 8.Nbd2 O-O
9.Qe1 Bh7 10.e4 Nfd7 11.Qe2 a5 12.a4 Na6 13.Ne1 Nc7 14.f4 b5 15.g4 bxa4 16.Rxa4 Nb6
17.Ra1 a4 18.Qf2 c5 19.Nef3 d4 20.Ne5 Bh4 21.Qf3 Nb5 22.Nec4 Nxc4 23.bxc4 Qa5
24.Nb1 Na7 25.e5 Rab8 26.Bc1 Be7 27.f5 f6 28.exf6 Bxf6 29.fxe6 Be7 30.Qg3 Rxf1+
31.Bxf1 Rf8 32.Bg2 Bd6 33.Bd5 Kh8 34.Qxd6 Qe1+ 35.Kg2 Rf2+ 36.Kh3 Qf1+ 37.Kg3 Qg1+  1/2-1/2

[Event "Femida w"]
[Site "Kharkiv UKR"]
[Date "2006.11.04"]
[Round "6"]
[White "Vozovic,O"]
[Black "Chistiakova,T"]
[Result "1/2-1/2"]
[WhiteElo "2352"]
[BlackElo "2314"]

1.Nf3 d5 2.g3 Nf6 3.Bg2 c6 4.O-O Bf5 5.b3 e6 6.Bb2 h6 7.d3 Be7 8.Nbd2 O-O
9.Qe1 a5 10.e4 Bh7 11.a3 c5 12.Ne5 a4 13.f4 axb3 14.cxb3 Nbd7 15.Kh1 Re8
16.Rd1 Qb6 17.g4 c4 18.g5 hxg5 19.fxg5 Nxe5 20.gxf6 Nxd3 21.Qg3 Bg6 22.fxe7 Nxb2
23.Rb1 Rxa3 24.Rxb2 Qd4 25.Rc2 cxb3 26.Nxb3 Qb4 27.Rc3 Bxe4 28.Rg1 Bg6 29.Rgc1 Qxe7
30.Rc8 Qd7 31.Rxe8+ Qxe8 32.Qc3 Qb5 33.Qc8+ Kh7 34.Nc5 Qb2 35.Rg1 Qc3 36.Qf8 Ra2
37.Qe7 Qd4 38.Nb3 Qc4 39.Qxb7 Rxg2 40.Kxg2 Qe2+ 41.Kg3 Qe3+ 42.Kg2 Qg5+ 43.Kf2 Qf4+
44.Ke1 Qe3+ 45.Kf1 Bf5 46.Qxf7 Qf4+ 47.Ke1 Qe4+ 48.Kd2 Qc2+ 49.Ke1 Qc3+ 50.Kf2 Qc2+
51.Ke1 Qe4+ 52.Kd2 Qf4+ 53.Ke1 Qe3+ 54.Kf1 Bh3+ 55.Rg2 Qd3+ 56.Ke1 Qb1+ 57.Kd2 Qb2+
58.Ke1 Qxg2  1/2-1/2

[Event "TCh-BEL 2006-7"]
[Site "Belgium BEL"]
[Date "2006.11.05"]
[Round "3"]
[White "Schebler,G"]
[Black "Diepeveen,V"]
[Result "1-0"]
[WhiteElo "2535"]
[BlackElo "2315"]

1.Nf3 d5 2.g3 Nf6 3.Bg2 c6 4.c4 dxc4 5.O-O Bf5 6.a4 e6 7.Nc3 Be7 8.a5 Na6
9.Ne5 Nb4 10.a6 Bc2 11.axb7 Bxd1 12.Nxc6 Bc2 13.bxa8=Q Qxa8 14.Nxb4 Be4 15.Nxe4 Nxe4
16.Na6 O-O 17.d3 f5 18.dxe4 fxe4 19.Be3 Bf6 20.Ra4 Qb7 21.Nc5 Qxb2 22.Rxc4 Qxe2
23.Rxe4 Qc2 24.Nd7 Re8 25.Nxf6+ gxf6 26.Rg4+ Kf7 27.Rh4 a5 28.Rc1 Qg6 29.Bf3  1-0

[Event "TCh-BEL 2006-7"]
[Site "Belgium BEL"]
[Date "2006.11.05"]
[Round "3"]
[White "Hausrath,D"]
[Black "Docx,S"]
[Result "1-0"]
[WhiteElo "2529"]
[BlackElo "2359"]

1.Nf3 d5 2.g3 Bg4 3.Bg2 Nd7 4.c4 e6 5.cxd5 exd5 6.O-O Ngf6 7.d3 Be7 8.Qc2 O-O
9.e4 c6 10.Nc3 Bh5 11.Nh4 dxe4 12.dxe4 Nc5 13.Nf5 Re8 14.Nxe7+ Qxe7 15.f3 Nfd7
16.g4 Bg6 17.Be3 Ne5 18.Rad1 Nc4 19.Bf2 Ne6 20.Ne2 Qb4 21.f4  1-0

[Event "VII Rapid"]
[Site "El Sauzal ESP"]
[Date "2006.11.05"]
[Round "7"]
[White "Brito Garcia,A"]
[Black "Pinto Henriquez,R"]
[Result "1-0"]
[WhiteElo "2364"]
[BlackElo "2208"]

1.Nf3 d5 2.g3 Nf6 3.Bg2 g6 4.c4 c6 5.O-O Bg7 6.Qb3 O-O 7.d4 Nbd7 8.cxd5 Nxd5
9.e4 N5b6 10.Rd1 Nf6 11.Nc3 Be6 12.Qc2 Qc8 13.b3 Bh3 14.a4 Bxg2 15.Kxg2 a5
16.Ba3 Re8 17.Ne5 Ng4 18.Nc4 Qc7 19.h3 Nf6 20.Rac1 Bh6 21.f4 Bf8 22.Ne5 Rec8
23.Qe2 Qd8 24.g4 e6 25.Bxf8 Qxf8 26.Nd3 Nfd7 27.Qf2 Qe7 28.Ne2 Rd8 29.g5 Nc8
30.Qe3 Nd6 31.Nf2 Ne8 32.Ng4 Ng7 33.Nh6+ Kh8 34.Ng1 Nh5 35.h4 Kg7 36.Ne2 Qd6
37.Rf1 Rac8 38.Rcd1 c5 39.Rd2 c4 40.Ng4  1-0

[Event "TCh-AUT 2006-7"]
[Site "Graz AUT"]
[Date "2006.11.05"]
[Round "3"]
[White "Stangl,M"]
[Black "Pilaj,H"]
[Result "1/2-1/2"]
[WhiteElo "2468"]
[BlackElo "2382"]

1.Nf3 d5 2.g3 Nf6 3.Bg2 c6 4.O-O Bg4 5.d4 Nbd7 6.Nbd2 e6 7.Re1 Be7 8.e4 O-O
9.c3 Rc8 10.Qb3 Qb6 11.Qxb6 axb6 12.exd5 Nxd5 13.Ne4 N5f6 14.Bg5 Bxf3 15.Bxf3 Rfe8
16.Bf4 Nxe4 17.Rxe4 b5 18.a3 Nb6 19.Rae1 Nc4 20.R4e2 Red8 21.h4 h6 22.Bc1 Kf8
23.Bg4 Bf6 24.Kg2 Rc7 25.Kh3 Nd6 26.Bf3 Nf5 27.h5 Nd6 28.Bg4 Nc4 29.f4 b6
30.Bf3 c5 31.d5 exd5 32.Bxd5 Re7 33.Bc6 Rxe2 34.Rxe2 Nd6 35.g4 Rc8 36.Bd5 Re8
37.Rxe8+ Kxe8 38.g5 Bd8 39.Kg4 f5+ 40.Kf3 Kd7 41.b3 Be7 42.a4 Bf8 43.Be3 bxa4
44.bxa4 Ne8 45.Ke2 Nc7 46.Bg8 Bd6 47.Bd2 Be7 48.Kd3 Bf8 49.Kc4 Be7 50.Be3 Bd6
51.Bd2 Be7 52.Kb3 Bd6 53.c4 Be7 54.Bc3 Bf8 55.Be5 Na6 56.Kc3 Nb4 57.Bh7 Ke6
58.Bc7 Na6 59.Bxb6 Bd6 60.Bg8+ Kd7 61.gxh6 gxh6 62.Bd5 Bxf4 63.Bb7 Bc7 64.Ba7 Bb8
65.Bb6 Bc7 66.a5 Bxb6 67.axb6 Nb8 68.Kd3 Kd6 69.Bd5 Ke5 70.Ke3 Nd7 71.b7 Nb8
72.Kf3 Nd7 73.Bc6 Nb8 74.Bb5 f4 75.Be8 Kf5 76.Bg6+ Ke5 77.Be4 Nd7 78.Bc6 Nb8
79.Bb5 Kf5 80.Be8 Ke5  1/2-1/2

[Event "TCh-ROM Divizia A Masculin"]
[Site "Predeal ROM"]
[Date "2006.11.05"]
[Round "2"]
[White "Badea,B"]
[Black "Raceanu,V"]
[Result "1-0"]
[WhiteElo "2508"]
[BlackElo "2398"]

1.Nf3 d5 2.g3 Bg4 3.Bg2 c6 4.O-O Nd7 5.d4 e6 6.Re1 f5 7.c4 Bd6 8.Qb3 Rb8
9.Ng5 Qf6 10.cxd5 cxd5 11.Nxe6 Qxe6 12.Bxd5 Qg6 13.Bxg8 Ke7 14.Bd5 Rhe8 15.Nc3 Kf8
16.Nb5 Nb6 17.Bg2 Rbd8 18.Nxd6 Qxd6 19.Bd2 Nd5 20.f3 Qf6 21.Bb4+ Kg8 22.fxg4  1-0

[Event "TCh-ROM Divizia A Feminin"]
[Site "Predeal ROM"]
[Date "2006.11.05"]
[Round "2"]
[White "Foisor,C"]
[Black "Tutulan,M"]
[Result "1-0"]
[WhiteElo "2401"]
[BlackElo "2024"]

1.Nf3 d5 2.g3 Bg4 3.Bg2 c6 4.b3 e6 5.Bb2 Nd7 6.O-O Ngf6 7.c4 Bd6 8.d3 O-O
9.Na3 Qe7 10.Nc2 Rfd8 11.Rb1 a5 12.Ne3 Bh5 13.cxd5 Bxf3 14.exf3 Nxd5 15.f4 N7f6
16.Nc4 Bb4 17.Qc2 Bc5 18.a3 Nc7 19.a4 Bd4 20.Rbd1 Qc5 21.Ba3 Qa7 22.Ne5 Ncd5
23.Rfe1 Nb4 24.Qe2 Nfd5 25.Bxd5 Nxd5 26.Nxf7 Kxf7 27.Qxe6+  1-0

[Event "Petersburg Autumn"]
[Site "St Petersburg RUS"]
[Date "2006.11.05"]
[Round "6"]
[White "Karasev,V"]
[Black "Nikolaev,V RUS"]
[Result "1-0"]
[WhiteElo "2378"]
[BlackElo "2255"]

1.g3 d5 2.Nf3 b6 3.Bg2 Bb7 4.O-O Nd7 5.c4 dxc4 6.Na3 Ngf6 7.Nxc4 e6 8.b3 Be7
9.Bb2 O-O 10.Qc2 c5 11.Rad1 Rc8 12.a4 a6 13.Bc3 Qc7 14.d3 b5 15.Nce5 Nxe5
16.Bxe5 Qb6 17.axb5 axb5 18.Qb2 Ne8 19.d4 f6 20.dxc5 Bxc5 21.b4 Bd6 22.Bd4 Qc7
23.Rc1 Qe7 24.Rxc8 Bxc8 25.Bc5 Bb7 26.Rc1 Bd5 27.Nd4 Bc4 28.Qd2 Bxc5 29.bxc5 Nc7
30.Qb4 Na6 31.Qb2 Nc7 32.Qa3 Qd7 33.e3 e5 34.Bc6 Qc8 35.Nxb5 Nxb5 36.Bxb5 Bd5
37.Bc4 Bxc4 38.Rxc4 Qc6 39.Qd3 f5 40.e4 fxe4 41.Qxe4 Qf6 42.Rc2 Rc8 43.c6 Rc7
44.Qd5+ Kf8 45.Kg2 Ke7 46.Qe4 Kf7 47.Rc5 g6 48.h4 Qd6 49.Rc3 Qd4 50.Qc2 Ke6
51.f3 Qd6 52.Kh3 Qd4 53.Kg2 Qd6 54.g4 Qd5 55.h5 gxh5 56.Qf5+ Ke7 57.Qxh7+ Kd6
58.Qg6+ Ke7 59.Qg7+ Qf7 60.Qxe5+ Kf8 61.Qh8+ Ke7 62.Re3+ Kd6 63.Qe5+  1-0

[Event "10th OIBM"]
[Site "Bad Wiessee GER"]
[Date "2006.11.06"]
[Round "3"]
[White "Pavlovic,Milo"]
[Black "De Francesco,K"]
[Result "1-0"]
[WhiteElo "2507"]
[BlackElo "2280"]

1.Nf3 d5 2.g3 Nf6 3.Bg2 c6 4.O-O Bf5 5.d3 e6 6.c4 Nbd7 7.Nc3 h6 8.cxd5 cxd5
9.e4 dxe4 10.dxe4 Nxe4 11.Nd4 Nxc3 12.bxc3 Nc5 13.Nxf5 Qxd1 14.Rxd1 exf5
15.Rb1 Ne4 16.Rxb7 Bc5 17.Bxe4 fxe4 18.Rd5  1-0

[Event "Petersburg Autumn"]
[Site "St Petersburg RUS"]
[Date "2006.11.06"]
[Round "7"]
[White "Zakharov,Y"]
[Black "Tokareva,T"]
[Result "0-1"]
[WhiteElo "2017"]
[BlackElo "2000"]

1.Nf3 d5 2.g3 Nf6 3.Bg2 c5 4.d3 Nc6 5.Nbd2 e5 6.e4 d4 7.Nc4 Bd6 8.a4 O-O
9.O-O Be6 10.Bg5 Bc7 11.Nh4 h6 12.Bd2 a6 13.b3 b5 14.Nb2 Ba5 15.Nf5 Kh7 16.h3 Bc3
17.Qc1 Bxd2 18.Qxd2 Qd7 19.f4 Bxf5 20.exf5 exf4 21.Qxf4 Rac8 22.axb5 axb5
23.Nd1 Nb4 24.Rc1 Rfe8 25.Bf3 Nfd5 26.Qd2 Qd6 27.Qh2 Kg8 28.Be4 Nf6 29.Nf2 Nbd5
30.Rfe1 Ne3 31.c3 Nfd5 32.cxd4 cxd4 33.Bxd5 Qxd5 34.Ne4 Rxc1 35.Rxc1 Qxb3
36.Qe2 Qa3 37.Rc5 Qa1+ 38.Kh2 Nf1+ 39.Kg2 Ne3+ 40.Kh2 Nf1+ 41.Kg2 Ne3+ 42.Kh2 Ra8
43.Nf2 Ra2 44.Qf3 Qf1  0-1

[Event "Petersburg Autumn"]
[Site "St Petersburg RUS"]
[Date "2006.11.06"]
[Round "7"]
[White "Kruglov,Vl"]
[Black "Senkevich,K"]
[Result "1-0"]
[WhiteElo "1968"]
[BlackElo "2106"]

1.Nf3 d5 2.g3 c5 3.Bg2 Nc6 4.d3 e5 5.O-O f6 6.Nc3 Be6 7.e4 d4 8.Nd5 Bxd5
9.exd5 Qxd5 10.Nxe5 Qd6 11.Nxc6 bxc6 12.Qf3 Ne7 13.Bf4 Qd7 14.Rfe1 Kf7 15.Qh5+ g6
16.Qxc5 Rc8 17.Re2 Nf5 18.Qc4+ Kg7 19.Rae1 Bd6 20.Bxd6 Qxd6 21.Re6 Qb8 22.g4 Nh4
23.Qxd4 Rhf8 24.Re7+ Rf7 25.g5 Nf3+ 26.Bxf3  1-0